1577 1711 1535 1144 1844 1230 1343 1631 1535 1169 1212 1955 1149 1770 1237 1160 1100 1731 1156 1355 1031 1740 1653 1356 1708 1829 1458 1088 1730 1575 1658 1781 1607 1393 1386 1764 1333 1794 1875 1174 1676 1503 1786 1741 1449 1482 1051 1865 1774 1422 1004 1579 1691 1324 1522 1149 1502 1331 1244 1804 1388 1800 1549 1098 1922 1483 1707 1264 1435 1964 1088 1155 1765 1878 1558 1702 1967 1385 1165 1838 1003 1013 1384 1108 1868 1776 1185 1545 1417 1959 1103 1920 1162 1586 1788 1415 1746 1502 1707 BCNSPRNW ULIB Ver.6.0+V

เปลี่ยนเป็นภาษาไทย

Change to English
 แสดงรายละเอียดบรรณานุกรม
  กลับหน้าหลัก

Brief Record : Get Marc (ISO 2709) : E-mail record : QR code < ปิดหน้าต่าง
LEADER : 00000nam 2200000uu 4500
001    13399127974
003     ULIB
008    020711s2563 th a 000 0 tha d
020    ^a9786169342137
050    ^aนว.^bพ-ย
100    ^aพันธุ์พเยีย
245    ^aย้อนรอยกามเทพ
250    ^aพิมพ์ครั้งที่ 1
260    ^aกรุงเทพฯ :^bบางรักษ์,^c2563
300    ^a552 หน้า;^b21 ซม.
650    ^aนวนิยาย
945    ^p370^l0^i008564
999    ^aประนอม เกษจรัล
รายการนี้ยังไม่มีแท็ก
คุณยังไม่ได้ล็อกอิน คุณสามารถมีกิจกรรมร่วมกับเว็บไซต์ได้ แต่ต้องล็อกอินก่อน ::
  ล็อกอิน

รายการสื่อสารสนเทศ

ลำดับที่ ประเภท เลขเรียก/บาร์โค้ด สถานที่ สถานะ
1. นวนิยาย
นวนิยาย
นว. พ-ย ฉ.1 
  Barcode: 008564
ห้องสมุดวิทยาเขตสวรรค์ประชารักษ์
►นวนิยาย
บนชั้น
  ขอยืม

รายการใกล้เคียง
    ชื่อเรื่อง [ย้อนรอยกามเทพ]

    ผู้แต่ง [พันธุ์พเยีย]

    หัวเรื่อง [นวนิยาย]

BibComment


ยังไม่เคยถูกคอมเมนท์

คอมเมนท์ทรัพยากรรายการนี้
  คอมเมนท์: ย้อนรอยกามเทพ


 Copyright 2026. Bcnsprnw @Library